Spiritual lessons. (Record no. 12759)

000 -LEADER
fixed length control field 00518nam a2200181 a 4500
001 - CONTROL NUMBER
control field :::00010573$&:&@@
003 - CONTROL NUMBER IDENTIFIER
control field OkBaRHE
005 - DATE AND TIME OF LATEST TRANSACTION
control field 20000607103400.0
008 - FIXED-LENGTH DATA ELEMENTS--GENERAL INFORMATION
fixed length control field s1971 j 000 0 eng u
040 ## - CATALOGING SOURCE
Transcribing agency
100 1# - MAIN ENTRY--PERSONAL NAME
Personal name Sanders, J. Oswald.
245 10 - TITLE STATEMENT
Title Spiritual lessons.
260 ## - PUBLICATION, DISTRIBUTION, ETC. (IMPRINT)
Place of publication, distribution, etc Chicago, IL., :
Name of publisher, distributor, etc Moody Press
Date of publication, distribution, etc 1971
300 ## - PHYSICAL DESCRIPTION
Extent 189 p. ;
Dimensions 18 cm.
650 ## - SUBJECT ADDED ENTRY--TOPICAL TERM
Topical term or geographic name as entry element Christian Life
942 ## - ADDED ENTRY ELEMENTS (KOHA)
Source of classification or shelving scheme
Koha item type Books
Copies
Full call number Copy number Date acquired Shelving location Damaged status Source of classification or shelving scheme Date last seen Permanent Location Price effective from Withdrawn status Lost status Koha item type Barcode Not for loan
BV 4501 .S312010-04-14General Stacks  2010-04-14RHEMA Bible Training College2010-04-14  Books10573